Chemistry : (Record no. 17062)
[ view plain ]
| 000 -LEADER | |
|---|---|
| fixed length control field | 00962pam a2200313 a 4500 |
| 001 - CONTROL NUMBER | |
| control field | 015744846 |
| 003 - CONTROL NUMBER IDENTIFIER | |
| control field | Uk |
| 005 - DATE AND TIME OF LATEST TRANSACTION | |
| control field | 20240818092943.0 |
| 008 - FIXED-LENGTH DATA ELEMENTS--GENERAL INFORMATION | |
| fixed length control field | 110124s2012 at a 001 0 eng|d |
| 010 ## - | |
| -- | 2010937495 |
| 020 ## - INTERNATIONAL STANDARD BOOK NUMBER | |
| International Standard Book Number | 0840065868 (pbk.) : |
| 020 ## - INTERNATIONAL STANDARD BOOK NUMBER | |
| International Standard Book Number | 9780840065865 (pbk.) : |
| 082 04 - DEWEY DECIMAL CLASSIFICATION NUMBER | |
| Classification number | 540 |
| Edition number | 23 |
| Item number | ZUM |
| 100 1# - MAIN ENTRY--PERSONAL NAME | |
| Personal name | Zumdahl, Steven S. |
| 9 (RLIN) | 31077 |
| 245 10 - TITLE STATEMENT | |
| Title | Chemistry : |
| Remainder of title | an Atoms First Approach / |
| Statement of responsibility, etc | Steven S. Zumdahl, Susan A. Zumdahl. |
| 250 ## - EDITION STATEMENT | |
| Edition statement | International ed. |
| 260 ## - | |
| -- | Australia : |
| -- | Brooks/Cole, Cengage Learning, |
| -- | c2012. |
| 300 ## - PHYSICAL DESCRIPTION | |
| Extent | xvii, 1038, 90 p. : |
| Other physical details | col. ill. ; |
| Dimensions | 28 cm. |
| 336 ## - CONTENT TYPE | |
| Source | rdacontent |
| Content type term | text |
| Content type code | txt |
| 337 ## - MEDIA TYPE | |
| Media type term | unmediated |
| Source | rdamedia |
| Media type code | n |
| 338 ## - CARRIER TYPE | |
| Carrier type term | volume |
| Carrier type code | nc |
| Source | rdacarrier |
| 500 ## - GENERAL NOTE | |
| General note | Includes index. |
| 500 ## - GENERAL NOTE | |
| General note | Formerly CIP. |
| Institution to which field applies | Uk |
| 650 #0 - SUBJECT ADDED ENTRY--TOPICAL TERM | |
| Topical term or geographic name as entry element | Chemistry. |
| 9 (RLIN) | 31078 |
| 650 #0 - SUBJECT ADDED ENTRY--TOPICAL TERM | |
| Topical term or geographic name as entry element | Atoms. |
| 9 (RLIN) | 31079 |
| 653 ## - INDEX TERM--UNCONTROLLED | |
| Resource For college | |
| Arrived date list | October2012 |
| 700 1# - ADDED ENTRY--PERSONAL NAME | |
| Personal name | Zumdahl, Susan L. |
| 9 (RLIN) | 31080 |
| 942 ## - ADDED ENTRY ELEMENTS (KOHA) | |
| Source of classification or shelving scheme | Dewey Decimal Classification |
| Koha item type | Book - Borrowing |
| Classification part | RDA-MOD |
| Withdrawn status | Lost status | Source of classification or shelving scheme | Damaged status | Not for loan | Collection code | Home library | Current library | Shelving location | Date acquired | Cost, normal purchase price | Total Checkouts | Full call number | Barcode | Date last seen | Cost, replacement price | Koha item type | Source of acquisition | Total Renewals | Date checked out | Price effective from | Checked out |
|---|---|---|---|---|---|---|---|---|---|---|---|---|---|---|---|---|---|---|---|---|---|
| Dewey Decimal Classification | Baccah | Central Library | Central Library | First floor | 08/10/2012 | 210.00 | 540 ZUM | 000027622 | 15/07/2025 | 262.50 | NB - Book (Non borrowing) | ||||||||||
| Dewey Decimal Classification | Baccah | Central Library | Central Library | First floor | 08/10/2012 | 5 | 540 ZUM | 000027623 | 15/07/2025 | Book - Borrowing | 57 | 26/09/2016 | 08/10/2012 | ||||||||
| Dewey Decimal Classification | Baccah | Central Library | Central Library | First floor | 08/10/2012 | 3 | 540 ZUM | 000027624 | 15/07/2025 | Book - Borrowing | Purchase | 5 | 12/11/2013 | ||||||||
| Dewey Decimal Classification | Baccah | Central Library | Central Library | First floor | 08/10/2012 | 6 | 540 ZUM | 000027625 | 15/07/2025 | Book - Borrowing | Purchase | 23 | 11/03/2019 | ||||||||
| Dewey Decimal Classification | Baccah | Central Library | Central Library | First floor | 08/10/2012 | 4 | 540 ZUM | 000027626 | 15/07/2025 | Book - Borrowing | 62 | 07/02/2018 | 08/10/2012 | ||||||||
| Dewey Decimal Classification | Baccah | Central Library | Central Library | First floor | 08/10/2012 | 7 | 540 ZUM | 000027627 | 15/07/2025 | Book - Borrowing | 34 | 29/10/2017 | 08/10/2012 | ||||||||
| Dewey Decimal Classification | Baccah | Central Library | Central Library | First floor | 08/10/2012 | 7 | 540 ZUM | 000027628 | 15/07/2025 | Book - Borrowing | 102 | 06/10/2018 | 08/10/2012 | ||||||||
| Dewey Decimal Classification | Baccah | Central Library | Central Library | First floor | 08/10/2012 | 1 | 540 ZUM | 000027629 | 01/10/2013 | Book - Borrowing | 01/10/2013 | 08/10/2012 | 08/10/2013 | ||||||||
| Dewey Decimal Classification | Baccah | Central Library | Central Library | First floor | 08/10/2012 | 6 | 540 ZUM | 000027630 | 15/07/2025 | Book - Borrowing | 45 | 27/09/2016 | 08/10/2012 | ||||||||
| Dewey Decimal Classification | Baccah | Central Library | Central Library | First floor | 08/10/2012 | 3 | 540 ZUM | 000027631 | 15/07/2025 | Book - Borrowing | 15 | 23/11/2013 | 08/10/2012 |